• 首页
  • 本馆介绍
  • 公告通知
  • 最新文献
  • 馆藏检索
  • 电子资源
  • 读者导购
  • 参考咨询
  • 我的图书馆
  • 登录
  • 详细信息显示
  • 放入我的书架
  • 预约/预借图书
  • 作者相关作品
  • 分类相关作品
  • 丛书相关作品
  • 出版社相关作品

书目信息

  • 表格格式
  • 工作单格式
  • 卡片格式
题名:
知识交汇处的向量问题研究
    
 
作者: 师广智 编著
分册:  
出版信息: 北京   北京师范大学出版社  2012
页数: 242页
开本: 23cm
丛书名: 青少年文化素养丛书
单 册:
中图分类: G634.603
科图分类:
主题词: 向量--高中--教学参考资料
电子资源:
ISBN: 978-7-303-14780-9
000 00854oam2 2200253 450
001 012015000520
005 20150914151854.60
010    @a978-7-303-14780-9@dCNY25.00
100    @a20130127d2012 em y0chiy50 ea
101 0  @achi
102    @aCN@b110000
105    @ay z 000yy
106    @ar
200 1  @a知识交汇处的向量问题研究@Azhi shi jiao hui chu de xiang liang wen ti yan jiu@f师广智编著
210    @a北京@c北京师范大学出版社@d2012
215    @a242页@d23cm
225 1  @a青少年文化素养丛书
330    @a本书共十二章,内容包括:平面向量基础知识例说、空间向量基础知识例说、向量与平面几何的综合、向量与求解不等式问题等。
461  0 @12001 @a青少年文化素养丛书
606 0  @a向量@x高中@j教学参考资料
690    @aG634.603@v5
701  0 @a师广智@Ashi guang zhi@4编著
801  0 @aCN@b碧洲教育@c20150716
905    @a10447@f4@dG634.603@e1148
    
    知识交汇处的向量问题研究/师广智编著.-北京:北京师范大学出版社,2012
    242页;23cm.-(青少年文化素养丛书)
    
    
    ISBN 978-7-303-14780-9:CNY25.00
    本书共十二章,内容包括:平面向量基础知识例说、空间向量基础知识例说、向量与平面几何的综合、向量与求解不等式问题等。
●
相关链接 在E读中查询图书 在五车中查询图书 在当当中查询图书 在豆瓣中查询图书


正题名:知识交汇处的向量问题研究     索取号:G634.603/1148         预约/预借

序号 登录号 条形码 馆藏地/架位号 状态 备注
1 0849047   208490471   第一样本阅览室/ [索取号:G634.603/1148] 在馆    
2 0849048   208490480   第四借阅区/ [索取号:G634.603/1148] 在馆    
3 0849049   208490499   第四借阅区/ [索取号:G634.603/1148] 在馆    
4 0849050   208490505   第四借阅区/ [索取号:G634.603/1148] 在馆    
唐山师范学院图书馆 欢迎您!
大连网信软件有限公司© 版权所有